Sams teach yourself Macromedia Dreamweaver 4 in 24 hours

Bibliographic Details
Main Author: Bruce, Betsy (Author)
Format: Book
Language:English
Published: Indianapolis, Indiana : Sams 2001
Subjects:

MARC

LEADER 00000cam a2200000 7i4500
001 0000028753
005 20241125.0
008 200218 inua eng
020 |a 0672320428 
040 |a INS   |b eng   |e rda 
090 0 0 |a TK5105.8885.D74   |b B78 2001 
100 1 |a Bruce, Betsy ,   |e author 
245 1 0 |a Sams teach yourself Macromedia Dreamweaver 4 in 24 hours   |c Betsy Bruce 
264 1 |a Indianapolis, Indiana :   |b Sams   |c 2001 
300 |a xvi, 450 pages :   |b illustrations ;   |c 23 cm. 
336 |a text  |2 rdacontent 
337 |a unmediated  |2 rdamedia 
338 |a volume  |2 rdacarrier 
500 |a Includes index 
650 0 |a Dreamweaver (Computer file) 
650 0 |a Web site development 
650 0 |a Web sites   |x Authoring programs 
999 |a 0000024643   |b BOOK   |c Open Shelf   |e Default branch